Top Characters in The Hunger Games - Statistics

General Stats
  • This quiz has been taken 1,324 times
  • The average score is 25 of 77
Answer Stats
# Answer % Correct
301 Katniss Everdeen
99%
1,675 Peeta Mellark
95%
110 Coriolanus Snow
91%
307 Primrose Everdeen
85%
652 Gale Hawthorne
84%
1,717 Haymitch Abernathy
82%
304 Rue
79%
466 Finnick Odair
75%
195 Effie Trinket
71%
142 Cato
65%
241 Cinna
61%
170 Johanna Mason
59%
28 Glimmer
58%
70 Thresh
57%
49 Annie Cresta
54%
226 Beetee Latier
54%
33 Foxface
54%
36 Clove
53%
63 Mags
51%
57 Wiress
50%
209 Plutarch Heavensbee
49%
2 Marvel
48%
119 Alma Coin
47%
7 Seneca Crane
41%
134 Boggs
39%
120 Caesar Flickerman
39%
33 Brutus
38%
38 Enobaria
38%
12 Gloss
37%
10 Cashmere
35%
44 Madge Undersee
35%
34 Tigris
35%
55 Pollux
31%
95 Cressida
28%
19 Castor
27%
21 Chaff
27%
46 Octavia
27%
46 Buttercup
26%
49 Portia
26%
24 Flavius
25%
32 Greasy Sae
25%
11 Seeder
23%
3 Blight
19%
14 Claudius Templesmith
19%
39 Jackson
19%
23 Leeg 1&2
19%
48 The Morphlings
18%
17 Paylor
17%
35 Venia
17%
3 Woof
17%
5 Cecelia
16%
7 Lady
16%
24 Romulus Thread
16%
17 Maysilee Donner
15%
30 Darius
14%
22 Messalla
14%
34 Hazelle Hawthorne
12%
15 Mitchell
12%
11 Posy Hawthorne
12%
35 Bonnie
11%
41 Delly Cartwright
11%
8 Rory Hawthorne
11%
38 Twill
10%
14 Cray
9%
39 Fulvia Cardew
9%
29 Homes
9%
5 Mayor Undersee
9%
6 Ripper
9%
5 Vick Hawthorne
8%
5 Dr. Aurelius
7%
5 Atala
6%
2 Titus
6%
5 Dalton
5%
2 Eddy
5%
6 Leevy
5%
6 Rooba
5%
6 Goat Man
2%
No matching quizzes found
Score Distribution
Percent of People with Each Score
Percentile by Number Answered
Your Score History
You have not taken this quiz